Faculty of Law Library — Cairo University

Official Online Catalog

Recueil des cours. (Record no. 48949)

MARC details
000 -LEADER
fixed length control field 02789nam a2200517 i 4500
003 - CONTROL NUMBER IDENTIFIER
control field EG-GICUC
005 - DATE AND TIME OF LATEST TRANSACTION
control field 20260121101439.0
008 - FIXED-LENGTH DATA ELEMENTS--GENERAL INFORMATION
fixed length control field 251207s1925 fr o|||fr|||| 001 0 fre d
040 ## - CATALOGING SOURCE
Original cataloging agency EG-GiCUC
Language of cataloging fre
Transcribing agency EG-GiCUC
Modifying agency EG-GiCUC
Description conventions Rda
041 ## - LANGUAGE CODE
Language code of text/sound track or separate title fre
082 04 - DEWEY DECIMAL CLASSIFICATION NUMBER
Edition number 21
Classification number 341.1
Item number RE
092 04 - LOCALLY ASSIGNED DEWEY CALL NUMBER (OCLC)
Edition number 21
099 ## - LOCAL FREE-TEXT CALL NUMBER (OCLC)
Classification number Law1 11 341.1 RE 1925
245 00 - TITLE STATEMENT
Title Recueil des cours.
Number of part/section of a work 1923, Tome 1.
264 #1 - PRODUCTION, PUBLICATION, DISTRIBUTION, MANUFACTURE, AND COPYRIGHT NOTICE
Place of production, publication, distribution, manufacture Paris :
Name of producer, publisher, distributor, manufacturer Hachette,
Date of production, publication, distribution, manufacture, or copyright notice 1925.
300 ## - PHYSICAL DESCRIPTION
Extent 658 page :
Other physical details Photographs ;
Dimensions 24 cm.
336 ## - CONTENT TYPE
Source rda contenu
Content type term texte
337 ## - MEDIA TYPE
Source rda medias
Media type term Ordinateur
338 ## - CARRIER TYPE
Source transporteur rda
Carrier type term Ressource en ligne
490 1# - SERIES STATEMENT
Series statement Académie de droit international ;
Volume/sequential designation 1923, t.1.
500 ## - GENERAL NOTE
General note "1923 I."
500 ## - GENERAL NOTE
General note At head of title: Académie de droit international.
504 ## - BIBLIOGRAPHY, ETC. NOTE
Bibliography, etc. note Includes bibliographical references and index.
505 ## - FORMATTED CONTENTS NOTE
Formatted contents note Contient les cours de l'Académie y compris :
Title Introduction a l'histoire du droit international /
Statement of responsibility par le Baron S. Korff --
Title Droits et devoirs fondamentaux des états /
Statement of responsibility par Lord Phillimore --
Title Les rapports entre le droit interne et le droit international /
Statement of responsibility par H. Triepel --
Title Les eaux adjacentes au territoire des états /
Statement of responsibility par George Grafton Wilson --
Title Quelques questions relatives a l'extradition /
Statement of responsibility par le baron Albéric Rolin --
Title L'exterritorialité et ses principales applications /
Statement of responsibility par Leo Strisower --
Title Le droit international et les obligations financières internationales qui naissent d'un contrat /
Statement of responsibility par John Fischer Williams --
Title La protection des minorités /
Statement of responsibility par André Mandelstam --
Title Compétence ou incompétence, des tribunaux à l'égard des états étrangers /
Statement of responsibility par André Weiss --
Title La médiation et la conciliation internationales /
Statement of responsibility par Fr. de la Barra --
Title L'organisation internationale de la Croix-Rouge /
Statement of responsibility par Eugène Borel.
546 ## - LANGUAGE NOTE
Language note Texte en français
650 14 - SUBJECT ADDED ENTRY--TOPICAL TERM
Topical term or geographic name entry element Droit international
Source of heading or term qrmak
650 14 - SUBJECT ADDED ENTRY--TOPICAL TERM
Topical term or geographic name entry element Comité international de la Croix-Rouge
Source of heading or term qrmak
650 14 - SUBJECT ADDED ENTRY--TOPICAL TERM
Topical term or geographic name entry element Droits de l’homme
Source of heading or term qrmak
650 14 - SUBJECT ADDED ENTRY--TOPICAL TERM
Topical term or geographic name entry element Relations internationales
Source of heading or term qrmak
651 1# - SUBJECT ADDED ENTRY--GEOGRAPHIC NAME
Source of heading or term qrmak
700 1# - ADDED ENTRY--PERSONAL NAME
Personal name Korf, S. A.,
Dates associated with a name 1876-1924,
Relator term Auteur
700 1# - ADDED ENTRY--PERSONAL NAME
Personal name Triepel, Heinrich,
Dates associated with a name 1868-1946,
Relator term Auteur
700 1# - ADDED ENTRY--PERSONAL NAME
Personal name Wilson, George Grafton,
Relator term Auteur
Dates associated with a name 1863-1951,
700 1# - ADDED ENTRY--PERSONAL NAME
Personal name Rolin, Albéric,
Dates associated with a name 1843-1937,
Relator term Auteur
700 1# - ADDED ENTRY--PERSONAL NAME
Personal name Strisower, Leo,
Relator term Auteur
700 1# - ADDED ENTRY--PERSONAL NAME
Personal name Williams, John Fischer
Dates associated with a name 1870-1947,
Relator term Auteur
700 1# - ADDED ENTRY--PERSONAL NAME
Personal name Mandelstam, André N.,
Dates associated with a name 1869-1949,
Relator term Auteur
700 1# - ADDED ENTRY--PERSONAL NAME
Personal name Weiss, André,
Dates associated with a name 1858-1928,
Relator term Auteur
700 1# - ADDED ENTRY--PERSONAL NAME
Personal name Barra, Francisco L. de la,
Dates associated with a name 1863-1939,
Relator term Auteur
700 1# - ADDED ENTRY--PERSONAL NAME
Personal name Borel, Eugène,
Relator term Auteur
710 ## - ADDED ENTRY--CORPORATE NAME
Corporate name or jurisdiction name as entry element ACADÉMIE DE DROIT INTERNATIONAL.
830 #0 - SERIES ADDED ENTRY--UNIFORM TITLE
Uniform title recueil des cours ;
Volume/sequential designation 1923, t.1.
856 40 - ELECTRONIC LOCATION AND ACCESS
Uniform Resource Identifier <a href="https://fll.law.cu.edu.eg/fulltext/bks/B11-05193.pdf">https://fll.law.cu.edu.eg/fulltext/bks/B11-05193.pdf</a>
905 ## - Cataloger and Reviser Names
Cataloger Name: Rawan khaled
Revisor Name: Hassnaa
942 ## - ADDED ENTRY ELEMENTS (KOHA)
Source of classification or shelving scheme Dewey Decimal Classification
Suppress in OPAC No
Koha item type Books
Edition 21
Holdings
Withdrawn status Lost status Source of classification or shelving scheme Damaged status Not for loan Collection Home library Current library Date acquired Total checkouts Full call number Barcode Date last seen Copy number Price effective from Koha item type
    Dewey Decimal Classification   Not for loan القانون الدولي العام جــــامعة القــاهرة مكتبة كلية الحقوق - المبنى الرئيسي 07.12.2025   Law1 11 341.1 RE 1925 1105193 V1, C1 B11-05193 07.12.2025 1 07.12.2025 Books
    Dewey Decimal Classification     القانون الدولي العام جــــامعة القــاهرة مكتبة كلية الحقوق - المبنى الرئيسي 07.12.2025   Law1 11 341.1 RE 1925 1105036 V1, C2 B11-05036 07.12.2025 2 07.12.2025 Books

© All rights reserved — Faculty of Law, Cairo University